LEADER 01262nam2 22003373i 450 001 PUV0267822 005 20231121125612.0 010 $a0434990841 010 $a0674990935 010 $a9780674990937$bRist. anast. 100 $a20150319d1917 ||||0itac50 ba 101 | $aeng$agrc 102 $aus 181 1$6z01$ai $bxxxe 182 1$6z01$an 200 0 $a3. [Book 9.] 210 $aCambridge, Mass.$cHarvard University press$aLondon$cW. Heinemann$d1917 215 $a455 p.$d17 cm 225 | $a˜The œLoeb classical library$v84 300 $aContiene: The declamatory epigrams. 410 0$1001CFI0109673$12001 $a˜The œLoeb classical library$v84 461 1$1001PUV0235945$12001 $a˜The œGreek anthology$fwith an English translation by W. R. Paton$v3 801 3$aIT$bIT-01$c20150319 850 $aIT-RM028 $aIT-FR0017 899 $aBiblioteca Universitaria Alessandrina$bRM028 899 $aBiblioteca umanistica Giorgio Aprea$bFR0017 $eN 912 $aPUV0267822 950 2$aBiblioteca umanistica Giorgio Aprea$d 52LCL/G Anth.Grae. 9 (Pat)$e 52FLS0000047585 VMB RS Rist. 1983$fA $h20150319$i20150319 977 $a 01$a 52 996 $a3$961479 997 $aUNICAS